| 000 | 01750nam a22002537a 4500 | ||
|---|---|---|---|
| 999 |
_c782 _d782 |
||
| 003 | OSt | ||
| 005 | 20190617225138.0 | ||
| 008 | 160818b xxu||||| |||| 00| 0 esp d | ||
| 040 |
_cDO-SdBJH _aDO-SdBJH _bspa |
||
| 090 |
_aTG AAFFM _b00567 2012 |
||
| 100 | 1 |
_aGómez Cuevas, Carlos Antonio _esustentante |
|
| 245 | 1 | 0 |
_aPrograma para disminuir el gasto de materiales gastables de oficina en la Fuerza Aérea Dominicana _cCarlos Antonio Gómez Cuevas, Dawel Salatiel Reyes Pérez, asesores Rafael Antoni Díaz Vásquez, Fanny Torres Rosario |
| 260 |
_aSanto Domingo Este : _bINSUDE, _c2012 |
||
| 300 | _axxvii, 68 páginas, ilustraciones | ||
| 502 | _aTrabajo de grado (Licenciatura en Ciencias Militares y Aeronáuticas). -- Instituto Superior para la Defensa (INSUDE). Academia Aérea Gral. De Brig. Pil. Frank A. Feliz Miranda, 2012. | ||
| 504 | _aIncluye referencias bibliográficas e índices | ||
| 505 | _aEstructura y funciones de las oficinas que conforman las diferentes dependencias de la Fuerza Aérea Dominicana. -- principales materiales gastables de oficinas y sus utilidades en las diferentes dependencias de la Fuerza Aérea Dominicana. -- Programa dirigido a la disminución del gasto de materiales gastables de oficina en las diferentes dependencias de la Fuerza Aérea Dominicana | ||
| 650 | 4 | _aFuerza Aérea Dominicana. Academia Aérea -- Oficinas -- Equipos y suministros-Materiales gastables (programas disminución) | |
| 700 | 1 |
_aReyes Pérez, Dawel Salatiel _esustentante |
|
| 700 | 1 |
_aDíaz Vásquez, Rafael Antonio _easesor |
|
| 700 | 1 |
_aTorres Rosario, Fanny _easesor |
|
| 830 | _aINSUDE. Academia Aérea Gral. De Brig. Pil. Frank A. Feliz Miranda. Tesis y disertaciones académicas | ||
| 942 |
_2CL _cT |
||